Luật im lặng = Omerta

Tổ chức mafia củng cố uy quyền bằng luật omerta nghĩa là làm thinh, câm nín. Dân quên Sicily kín miệng đến nỗi người lạ hỏi đường cũng làm thinh. Cái luật im lặng cổ xưa ấy chính là bức tường thành của mafia suốt mấy trăm năm. Nhưng đó...

ver descrição completa

Na minha lista:
Detalhes bibliográficos
Autor principal: Puzo, Mario
Outros Autores: Lương Lê Giang (Dịch)
Formato: Livro
Idioma:Vietnamese
Publicado em: H. Văn học 2017
Edição:Tái bản
Assuntos:
Tags: Adicionar Tag
Sem tags, seja o primeiro a adicionar uma tag!
Thư viện lưu trữ: Thư viện Trường Đại học Nam Cần Thơ
LEADER 01613nam a22002417a 4500
001 NCT_69972
008 190914b xxu||||| |||| 00| 0 vie d
999 |c 3396  |d 3396 
020 |a 9786046989691  |c 95000 
082 0 4 |2 23rd ed.  |a 813.5  |b P994 
100 1 |a Puzo, Mario 
245 1 0 |a Luật im lặng =  |b Omerta  |c Mario Puzo ; Lương Lê Giang (dịch) 
250 |a Tái bản 
260 |a H.  |b Văn học  |c 2017 
300 |a 370 tr.  |c 21cm 
500 |a Dịch từ nguyên bản tiếng Anh 
520 3 |a Tổ chức mafia củng cố uy quyền bằng luật omerta nghĩa là làm thinh, câm nín. Dân quên Sicily kín miệng đến nỗi người lạ hỏi đường cũng làm thinh. Cái luật im lặng cổ xưa ấy chính là bức tường thành của mafia suốt mấy trăm năm. Nhưng đó là ở nơi đất máu Sicily nhiều năm trước. Còn trên đất Mỹ, khi nhân loại sắp bước sang thiên niên kỉ mới, liệu omerta có còn cái quyền năng vô song để bảo vệ các ông trùm? 
653 |a Sách tham khảo 
700 1 |a Lương Lê Giang  |e Dịch 
942 |2 ddc  |c BK 
952 |0 0  |1 0  |2 ddc  |4 0  |6 813_500000000000000_P994  |7 0  |9 17915  |a 000001  |b 000001  |d 2019-09-16  |o 813.5 P994  |p TK.00557  |r 2019-09-16  |v 95000.00  |w 2019-09-16  |y BK 
952 |0 0  |1 0  |2 ddc  |4 0  |6 813_500000000000000_P994  |7 0  |9 17916  |a 000001  |b 000001  |d 2019-09-16  |o 813.5 P994  |p TK.00558  |r 2019-09-16  |v 95000.00  |w 2019-09-16  |y BK 
980 |a Thư viện Trường Đại học Nam Cần Thơ